<?xml version="1.0" encoding="UTF-8"?>
<record
    xmlns:xsi="http://www.w3.org/2001/XMLSchema-instance"
    xsi:schemaLocation="http://www.loc.gov/MARC21/slim http://www.loc.gov/standards/marcxml/schema/MARC21slim.xsd"
    xmlns="http://www.loc.gov/MARC21/slim">

  <leader>01003nac a22001931u 4500</leader>
  <controlfield tag="008">100526t        xxu||||| |||| 00| 0 eng d</controlfield>
  <datafield tag="082" ind1=" " ind2=" ">
    <subfield code="a">781.65</subfield>
    <subfield code="b">GOR</subfield>
    <subfield code="2">22</subfield>
  </datafield>
  <datafield tag="100" ind1=" " ind2=" ">
    <subfield code="a">G., Kenny</subfield>
    <subfield code="9">14227</subfield>
    <subfield code="q">Gorelick, Kenny</subfield>
  </datafield>
  <datafield tag="245" ind1=" " ind2=" ">
    <subfield code="a">The Moment /</subfield>
    <subfield code="c">Kenny G.</subfield>
  </datafield>
  <datafield tag="260" ind1=" " ind2=" ">
    <subfield code="a">New York, N.Y. : </subfield>
    <subfield code="b">Arista, 1996</subfield>
    <subfield code="c">1996</subfield>
  </datafield>
  <datafield tag="300" ind1=" " ind2=" ">
    <subfield code="a">1 sound disc : </subfield>
    <subfield code="b">digital ; </subfield>
    <subfield code="c">4 3/4 in. +</subfield>
    <subfield code="e">1 booklet</subfield>
  </datafield>
  <datafield tag="505" ind1=" " ind2=" ">
    <subfield code="a"> 	The moment (6:00) --  Passages (5:58) --  Havana (7:20) --  Always (5:34) --  That somebody was you (with Toni Braxton) (5:01) --  The champion's theme (4:22) --  Eastside jam (5:09) --  Moonlight (5:59) --  Gettin' on the step (4:15) --  Everytime I close my eyes (with Babyface) (4:58) --  Northern lights (5:00) --  Innocence (3:59) -- Havana (Remix) (3:59)</subfield>
  </datafield>
  <datafield tag="511" ind1=" " ind2=" ">
    <subfield code="a">Jazz music ; performed by Kenny G., with accompaniment</subfield>
  </datafield>
  <datafield tag="650" ind1=" " ind2=" ">
    <subfield code="a">Jazz</subfield>
    <subfield code="9">14234</subfield>
    <subfield code="y">1991-2000.</subfield>
  </datafield>
  <datafield tag="650" ind1=" " ind2=" ">
    <subfield code="a">Saxophone music (Jazz)</subfield>
    <subfield code="9">14266</subfield>
  </datafield>
  <datafield tag="700" ind1=" " ind2=" ">
    <subfield code="9">14264</subfield>
    <subfield code="a">Braxton, Toni</subfield>
  </datafield>
  <datafield tag="700" ind1=" " ind2=" ">
    <subfield code="9">14265</subfield>
    <subfield code="a">Babyface</subfield>
    <subfield code="c">(Musician)</subfield>
  </datafield>
  <datafield tag="942" ind1=" " ind2=" ">
    <subfield code="c">CDR</subfield>
    <subfield code="k">781.65 GOR</subfield>
    <subfield code="2">ddc</subfield>
  </datafield>
  <datafield tag="999" ind1=" " ind2=" ">
    <subfield code="c">4996</subfield>
    <subfield code="d">4996</subfield>
  </datafield>
  <datafield tag="952" ind1=" " ind2=" ">
    <subfield code="0">0</subfield>
    <subfield code="1">0</subfield>
    <subfield code="2">ddc</subfield>
    <subfield code="4">0</subfield>
    <subfield code="7">0</subfield>
    <subfield code="a">MAIN</subfield>
    <subfield code="b">MAIN</subfield>
    <subfield code="c">2ND</subfield>
    <subfield code="d">2008-10-07</subfield>
    <subfield code="l">3</subfield>
    <subfield code="o">781.65 GOR</subfield>
    <subfield code="p">000005823</subfield>
    <subfield code="r">2022-08-24 00:00:00</subfield>
    <subfield code="s">2011-12-19</subfield>
    <subfield code="w">2007-10-08</subfield>
    <subfield code="y">CDVDSOU</subfield>
  </datafield>
</record>
